• 首页
  • 本馆介绍
  • 公告通知
  • 最新文献
  • 馆藏检索
  • 电子资源
  • 读者导购
  • 参考咨询
  • 我的图书馆
  • 登录
  • 详细信息显示
  • 放入我的书架
  • 预约/预借图书
  • 作者相关作品
  • 分类相关作品
  • 丛书相关作品
  • 出版社相关作品

书目信息

  • 表格格式
  • 工作单格式
  • 卡片格式
题名:
测量仪器检修基础知识
    
 
作者: 赵如磋 , 赵茂哲 编
分册:  
出版信息: 北京   测绘出版社  1977
页数: 79页
开本: 20cm
丛书名: 测量仪器检修小丛书
单 册:
中图分类: P204
科图分类:
主题词: 测量仪器--检修
电子资源:
ISBN:
000 00767nam2 2200265 45
001 0177001170
005 20060731173952.87
010    @dCNY0.30
100    @a19951017d1977 em y0chiy0121 ea
101 0  @achi
102    @aCN@b110000
105    @ay z 000yy
200 10 @a测量仪器检修基础知识@Ace liang yi qi jian xiu ji chu zhi shi@f赵如磋,赵茂哲编@Fzhao ru cuo,zhao mao zhe bian
205    @a新1版@b增订本
210    @a北京@c测绘出版社@d1977
215    @a79页@d20cm
225 2  @a测量仪器检修小丛书
410  0 @120010@a测量仪器检修小丛书
606    @a测量仪器@x检修
690    @aP204@v3
701  0 @a赵如磋@Azhao ru cuo@4编
701  0 @a赵茂哲@Azhao mao zhe@4编
801  2 @aCN@bNLC@c20060731
801  0 @aCN@bTSSF@c20060510
905    @a10447@dP204@e7
    
    测量仪器检修基础知识/赵如磋,赵茂哲编.-新1版,增订本.-北京:测绘出版社,1977
    79页;20cm.-(测量仪器检修小丛书)
    
    
    ISBN :CNY0.30
    
●
相关链接 在E读中查询图书 在五车中查询图书 在当当中查询图书 在豆瓣中查询图书


正题名:测量仪器检修基础知识     索取号:P204/7         预约/预借

序号 登录号 条形码 馆藏地/架位号 状态 备注
1 0017239   202309402   密集书库/ [索取号:P204/7] 在馆    
2 0017967   202230736   密集书库/ [索取号:P204/7] 在馆    
3 0017968   202311569   密集书库/ [索取号:P204/7] 在馆    
4 0439231   204392317   密集书库/ [索取号:P204/7] 在馆    
5 0439232   204392326   密集书库/ [索取号:P204/7] 在馆    
唐山师范学院图书馆 欢迎您!
大连网信软件有限公司© 版权所有